Statistics for Countries by Desert

Click here to take the quiz!

General Stats

  • This quiz has been taken 709 times
  • The average score is 37 of 45

Answer Stats

DesertCountry% Correct
SaharaEgypt
97%
SaharaAlgeria
96%
GobiChina
96%
ArabianSaudi Arabia
96%
SaharaMorocco
95%
ArabianYemen
95%
ArabianOman
94%
SaharaLibya
93%
SaharaSudan
93%
SaharaChad
92%
ArabianIraq
92%
ChihuahuanMexico
92%
GobiMongolia
92%
SaharaTunisia
92%
ArabianUnited Arab Emirates
92%
SaharaMali
91%
ArabianQatar
91%
ChihuahuanUnited States
91%
AtacamaChile
90%
ArabianKuwait
90%
SaharaMauritania
90%
SaharaNiger
89%
AtacamaArgentina
88%
AtacamaPeru
88%
AtacamaBolivia
87%
ArabianJordan
87%
KalahariSouth Africa
84%
Great VictoriaAustralia
82%
KalahariBotswana
82%
MaranjabIran
82%
KalahariNamibia
82%
Kyzyl Kum, RynKazakhstan
81%
TharIndia
80%
TharPakistan
80%
RynRussia
79%
NegevIsrael
77%
Kyzyl KumUzbekistan
74%
DanakilEthiopia
65%
DanakilDjibouti
59%
KrakumTurkmenistan
57%
DanakilEritrea
55%
La GuajiraColombia
52%
La GuajiraVenezuela
50%
CarcrossCanada
48%
TabernasSpain
46%

Score Distribution

Percentile by Number Answered

Percent of People with Each Score

Your Score History

You have not taken this quiz